000 00676nac a22001931u 4500
008 090525t1992 -us||||| |||| 00| 0 eng d
010 _a91024071
020 _a0534928005 (alk. paper)
082 0 0 _a620.00151
_bZIL
_222
100 _aZill, Dennis G.,
_95148
245 1 0 _aAdvanced engineering mathematics /
_cDennis G. Zill, Michael R. Cullen.
260 _aBoston :
_bPWS-KENT Pub. Co.,
_cc1992.
300 _axv, 1098, 102 p. :
_bill. ;
_c26 cm.
440 0 _aPrindle, Weber & Schmidt series in mathematics
_95149
500 _aIncludes index.
650 0 _aEngineering mathematics.
_95150
700 1 _aCullen, Michael R.
_95151
942 _cBB
_k620.00151ZIL
_2ddc
999 _c1216
_d1216